Advanced methods of english writing skills (Record no. 10498)

MARC details
000 -LEADER
fixed length control field 00538cam a2200205ua 4500
008 - FIXED-LENGTH DATA ELEMENTS--GENERAL INFORMATION
fixed length control field 191019n ii |||gr||||Z||||||eng
020 ## - INTERNATIONAL STANDARD BOOK NUMBER
International Standard Book Number 9789381138700
040 ## - CATALOGING SOURCE
Transcribing agency MAIN
082 ## - DEWEY DECIMAL CLASSIFICATION NUMBER
Classification number 415
100 ## - MAIN ENTRY--PERSONAL NAME
Personal name Seema Raghupathi,
Relator term
245 ## - TITLE STATEMENT
Title Advanced methods of english writing skills
Statement of responsibility, etc. By Seema Raghupathi
250 ## - EDITION STATEMENT
Edition statement 1st ed.
260 ## - PUBLICATION, DISTRIBUTION, ETC.
Place of publication, distribution, etc. Delhi:
Name of publisher, distributor, etc. Pacific Books International,
Date of publication, distribution, etc. 2013.
300 ## - PHYSICAL DESCRIPTION
Extent 244p.
700 ## - ADDED ENTRY--PERSONAL NAME
Personal name S.Shyamgopal,
Relator term
942 ## - ADDED ENTRY ELEMENTS (KOHA)
Koha item type Books
653 ## - INDEX TERM--UNCONTROLLED
Uncontrolled term Grammar
653 ## - INDEX TERM--UNCONTROLLED
Uncontrolled term English Grammer
Holdings
Withdrawn status Lost status Damaged status Not for loan Home library Current library Shelving location Date acquired Total Checkouts Full call number Barcode Date last seen Date last checked out Copy number Price effective from Koha item type
        Central Library, Naharkatiya College Central Library, Naharkatiya College General Stacks 19/09/2020 1 415English language | RAG 24471 09/09/2022 27/08/2022 1 19/09/2020 Books

Naharkatiya College © 2020. All rights reserved.

Powered By